مكتبة جامعة عجلون الوطنية

فهرس بحث المكتبة

مختصر تفسير ابن كثير: مختصر لتفسير الامام الجليل الحافظ عماد الدين ابي الفداء اسماعيل بن كثير الدمشقي المتوفي سنة 774 هـ، مج3 (Record no. 31673)

MARC details
000 -LEADER
fixed length control field 00801nam a2200193Ii 4500
003 - CONTROL NUMBER IDENTIFIER
control field JO-AjNU
008 - FIXED-LENGTH DATA ELEMENTS--GENERAL INFORMATION
fixed length control field 230605s9999||||xx |||||||||||||| ||und||
040 ## - CATALOGING SOURCE
Original cataloging agency JO-AjNU
Language of cataloging ara
Description conventions rda
Transcribing agency JO-AjNU
041 ## - LANGUAGE CODE
Language code of text/sound track or separate title ara
050 14 - LIBRARY OF CONGRESS CALL NUMBER
Classification number BP130.4.I2654.1981
100 3# - MAIN ENTRY--PERSONAL NAME
Personal name اختصار وتحقيق الصابوني، محمد علي ,
Relator term author
9 (RLIN) 62102
245 00 - TITLE STATEMENT
Title مختصر تفسير ابن كثير: مختصر لتفسير الامام الجليل الحافظ عماد الدين ابي الفداء اسماعيل بن كثير الدمشقي المتوفي سنة 774 هـ، مج3
250 ## - EDITION STATEMENT
Edition statement ط1
264 31 - PRODUCTION, PUBLICATION, DISTRIBUTION, MANUFACTURE, AND COPYRIGHT NOTICE
Place of production, publication, distribution, manufacture بيروت: دار القرآن الكريم، 1981
300 ## - PHYSICAL DESCRIPTION
Extent ج3: 724ص
336 ## - CONTENT TYPE
Content type term text
Content type code txt
Source rdacontent
337 ## - MEDIA TYPE
Media type term unmediated
Media type code n
Source rdamedia
338 ## - CARRIER TYPE
Carrier type term volume
Carrier type code nc
Source rdacarrier
Holdings
Withdrawn status Lost status Source of classification or shelving scheme Damaged status Not for loan Home library Current library Shelving location Date acquired Total Checkouts Full call number Barcode Date last seen Price effective from Koha item type
    Library of Congress Classification     مكتبة جامعة عجلون الوطنية مكتبة جامعة عجلون الوطنية المراجع 06/06/2023   BP130.4.I2654.1981 A28105 06/06/2023 06/06/2023 Reference